000 02229nam a22005297a 4500
001 11750621
003 LIBRIS
005 20241030090944.0
008 100204s2008 xxua||||||||||001 0|eng|c
020 _a9780143114246
_qpbk.
020 _a0143114247
_qpbk.
035 _a(OCoLC)ocn191929178
035 _a(OCoLC)191929178
040 _aBTCTA
_cBTCTA
_dBAKER
_dYDXCP
_dAUW
_ea
_beng
041 _aeng
050 0 0 _aP107
_b.P548 2007
080 _a15
_bP-65
082 0 4 _a401
_222
082 1 4 _a401
_214
084 _aF:d
_2kssb/8
100 1 _aPinker, Steven
245 1 4 _aThe stuff of thought:
_blanguage as a window into human nature /
_c/ by: Penguin Books
260 _aNew York
_bPenguin Books
_c2008
300 _aix, 499 p.
_bill.
_c22 cm.
340 _b22 cm.
365 _b16 usd
500 _aOriginally published: New York : Viking c2007.
504 _aIncludes bibliographical references (p. [441]-481) and index.
520 _aPresents a study of the relationship between language and human nature, explaining how everything from swearing and innuendo to prepositions and baby names reveals facts about key human concepts, emotions, and relationships.
650 0 _aThought and thinking.
650 0 _aPsychology
_9134
650 0 _aLanguage and languages
_xPhilosophy.
650 7 _aThought and thinking.
_2sears
650 7 _aLanguage and languages
_xPhilosophy.
_2sears
653 _aფსიქოლოგია
887 _a{"@id":"1kcdjklc3tm80st","modified":"2014-01-16T08:19:41+01:00","checksum":"59128229002"}
_2librisxl
887 _a{"@id":"48g0ldz938l01tk","modified":"2019-06-27T13:47:31.497+02:00","checksum":"58980403566"}
_2librisxl
887 _a{"@id":"7ckp2lpd1t7scmh","modified":"2016-02-15T11:07:06+01:00","checksum":"59696968919"}
_2librisxl
887 _a{"@id":"djqt0p4k5gf4th2","modified":"2014-02-25T09:05:00+01:00","checksum":"55320823605"}
_2librisxl
942 _2udc
_cBK
999 _c1822
_d1822